Abstención: concepto y alcances. Problemas asociados y posibilidades de superación
محفوظ في:
| المؤلف الرئيسي: | |
|---|---|
| التنسيق: | نص |
| الموضوعات: | |
| الوسوم: |
إضافة وسم
لا توجد وسوم, كن أول من يضع وسما على هذه التسجيلة!
|
MARC
| LEADER | 00000 a a2200000 04500 | ||
|---|---|---|---|
| 001 | 34020 | ||
| 003 | |||
| 040 | |||
| 090 | |a 206004 | ||
| 100 | |a Dendia, Rafael | ||
| 245 | |a Abstención: concepto y alcances. Problemas asociados y posibilidades de superación | ||
| 300 | |a 9 p. | ||
| 650 | |a ABSTENCIONISMO ELECTORAL | ||
| 650 | |a TEORIA POLITICA | ||
| 650 | |a AMERICA LATINA | ||
| 999 | |c 15120 |d 15120 | ||
